Xisto e o pássaro cósmico: (Record no. 463)
[ view plain ]
| 000 -LÍDER | |
|---|---|
| campo de controle de tamanho fixo | 00810nam a2200277 4500 |
| 001 - NÚMERO DE CONTROLE | |
| campo de controle | 463 |
| 003 - IDENTIFICADOR DO NÚMERO DE CONTROLE | |
| campo de controle | OSt |
| 005 - DATA E HORÁRIO DA ÚLTIMA TRANSAÇÃO | |
| campo de controle | 20250901072615.0 |
| 008 - CAMPO DE DADOS FIXOS--INFORMAÇÃO GERAL | |
| campo de controle de tamanho fixo | 250829b |||||||| |||| 00| 0 eng d |
| 040 ## - FONTE DA CATALOGAÇÃO | |
| Idioma da catalogação | por |
| 041 ## - CÓDIGO DE IDIOMA | |
| Código do idioma do original e/ou traduções intermediárias do texto | por |
| 082 ## - CDD - CLASSIFICAÇÃO DECIMAL DE DEWEY | |
| Número de Classificação | 028.5 |
| Número do exemplar | A47x |
| 100 ## - ENTRADA PRINCIPAL--NOME PESSOAL | |
| Nome pessoal | Almeida, Lúcia Machado de |
| 245 ## - TÍTULO | |
| Título | Xisto e o pássaro cósmico: |
| Indicação de responsabilidade, etc. | Almeida, Lúcia Machado de |
| 250 ## - EDIÇÃO | |
| Declaração de edição | 3.ed |
| 260 ## - PUBLICAÇÃO, DISTRIBUIÇÃO, ETC. | |
| Local de publicação, distribuição, etc. | São Paulo |
| Nome do editor, distribuidor, etc. | Ática |
| Data da publicação, distribuição, etc. | 1983 |
| 300 ## - DESCRIÇÃO FÍSICA | |
| Extensão | 80p |
| Outros detalhes físicos | il. |
| 520 ## - NOTA DE RESUMO, ETC. | |
| Resumo, etc. | Para impedir que Rutus destrua o Universo, Xisto tem de empreender uma longa e perigosa viagem interestelar e enfrentar alienígenas. |
| 650 #0 - ASSUNTO--TERMO TÓPICO | |
| Cabeçalho tópico ou nome geográfico | Literatura Brasileira |
| 9 (RLIN) | 205 |
| 650 #0 - ASSUNTO--TERMO TÓPICO | |
| Cabeçalho tópico ou nome geográfico | Infantojuvenil |
| 9 (RLIN) | 200 |
| 650 #0 - ASSUNTO--TERMO TÓPICO | |
| Cabeçalho tópico ou nome geográfico | Aventura |
| 9 (RLIN) | 47 |
| 655 #0 - TERMO DE ÍNDICE--GÊNERO E FORMA | |
| Gênero/forma/ou termo foco | Ficção |
| 655 #0 - TERMO DE ÍNDICE--GÊNERO E FORMA | |
| Gênero/forma/ou termo foco | Romance |
| 830 ## - ENTRADA SECUNDÁRIA DE SÉRIE--TÍTULO UNIFORME | |
| Título uniforme | Vagalume |
| 9 (RLIN) | 999 |
| 942 ## - ELEMENTOS DE ENTRADA ADICIONADOS (KOHA) | |
| Fonte de classificação ou esquema de arquivamento | Classificação decimal de Dewey |
| Ocultar no OPAC | Não |
| Tipo de material Koha | Livros |
| Situação do descarte | Situação das perdas | Fonte de classificação ou esquema de arquivamento | Status danificado | Não pode ser emprestado | Coleção | Biblioteca de origem | Biblioteca atual | Localização na estante | Data de aquisição | Fonte de aquisição | Total de empréstimos | Número de chamada completo | Código de barras | Data de último acesso | Data do preço efetivo | Tipo de material Koha |
|---|---|---|---|---|---|---|---|---|---|---|---|---|---|---|---|---|
| Classificação decimal de Dewey | Ficção | Biblioteca Professor Eduardo Afonso de Castro | Biblioteca Professor Eduardo Afonso de Castro | Infanto Juvenil | 29.08.2025 | doação | 028.5 / A447x | 2025-17394 | 29.08.2025 | 29.08.2025 | Livros |